000 00608nam a22002057a 4500
999 _c8747
_d8747
003 OSt
005 20210729125227.0
008 160128b xxu||||| |||| 00| 0 eng d
020 _a9.7881700061e+012
040 _cMMU
_aMMU
_beng
_dMMU
050 _aZ 665
_b.L35 2010
100 _aLal C.
245 _aObjectives questions in library and information science /
_cC Lal .
260 _aNew Delhi :
_bEss Ess ,
_c2010.
300 _a328 p. :
500 _aincludes index
650 _aLibrary management and Information services
942 _2lcc
_cSHORTLOAN
_e4th ed.
980 _a^d20120127 10:13:43^okorir